| 000 | 00000nam##2200000za#4500 |
| 001 | 9.699620 |
| 003 | CaOODSP |
| 005 | 20210625000448 |
| 007 | cr ||||||||||| |
| 008 | 150407|2008||||xxc|||||o f|0| 0 eng|d |
| 040 | |aCaOODSP|beng |
| 043 | |an-cn--- |
| 086 | 1 |aH114-15/4-2008E-PDF |
| 110 | 1 |aCanada. |bHealth Canada. |
| 245 | 10|aStarting a lawn : |h[electronic resource]|bfact sheet |
| 260 | |aOttawa - Ontario : |bHealth Canada |cc2008. |
| 300 | |a8p.|bphotographs |
| 500 | |aThe catalogue number (H114-15/4-2008) and ISBN (978-0-662-05762-8) for the bilingual print edition have been incorrectly copied in this electronic publication. |
| 590 | |a14-14-Supp|b2014-07-24 |
| 690 | 07|aHorticulture|2gcpds |
| 690 | 07|aSite management|2gcpds |
| 775 | 08|tAménagement d'une pelouse : |w(CaOODSP)9.643598 |
| 856 | 40|ahttp://publications.gc.ca|qPDF|s311 KB|uhttps://publications.gc.ca/collections/collection_2014/sc-hc/H114-15-4-2008-eng.pdf |